| 000 | 00603 a2200157 4500 | ||
|---|---|---|---|
| 003 | NUST | ||
| 005 | 20230118141507.0 | ||
| 040 | _cNust | ||
| 082 | _a415,CHA | ||
| 100 |
_aJ. G. Milory _9107008 |
||
| 245 |
_aJapanese grammar / _cColonel J,G,Mcilroy |
||
| 260 |
_aLondon _bThe universty of shicago _c1944 |
||
| 300 | _avii:138 pages | ||
| 505 | _aThe Phonetic Systems (Page-4), The Noun (Page-10), The Pronoun (Page-13), The Numeral (Page-18), The Particle (Page-22), The Post position (Page-29), The Adjective (Page-37), The Verbs (Page-44), The Epistolary Style (Page-98). | ||
| 942 |
_2ddc _cBK _k415,CHA |
||
| 999 |
_c193944 _d193944 |
||